| 000 | 00471nam a22001217a 4500 | ||
|---|---|---|---|
| 082 | _a200 THE | ||
| 100 |
_aMOIZ YUSAF, _970079 |
||
| 245 | _aTH-SOF-1233-Seizure Detection from the Time-Frequency Based Multichannel Newborn EEG Signal through the Application of Advanced Noise Filtering and Classification Methods | ||
| 260 |
_aIslamabad _bNUST College of EME _c2016 |
||
| 650 | _aMS-MTS-78 MSTHESIS | ||
| 700 |
_aSupervisor Brig Dr Javaid Iqbal _969988 |
||
| 942 | _cCF | ||
| 999 |
_c577124 _d577124 |
||